000 00869nas a2200241 4500
001 BR7602143
003 BR-BrBNA
005 20231205082955.0
007 ta
008 230509b bl.|||p| |||| 00| 00por d
040 _aBR-BrBNA
_bpor
_cBiblioteca Nacional de Agricultura
041 _a(Pt)
072 _aH10
100 1 _aSilveira Neto, S. (Escola Superior de Agricultura Luiz de Queiroz, Piracicaba, SP (Brazil)) Botelho, P.S.M.
245 1 _aCalculo da densidade populacional de Alabama argillacea (Hueb.), pelo metodo de Jolly [Praga de planta; Curuquere]
650 _aPraga de planta
650 _aCuruquere
650 _aArmadilha luminosa
650 _aCaptura
773 0 _tAnais da Sociedade Entomologica do Brasil (Brazil)
_xISSN 0301-8059
_g(1976), v. 5(2) p. 169-180
_wBR7602143
909 _a202311
_bLúcia
_c55
_dLúcia Elande
942 _2AGRIS
_n0
_cANA
999 _c95482
_d95482